| 000 | 00361nam a2200157Ia 4500 | ||
|---|---|---|---|
| 008 | 221030s9999 xx 000 0 und d | ||
| 020 | _a8176486116 | ||
| 041 | _aEnglish | ||
| 082 |
_a105.23 _bRed |
||
| 100 | _aR. J. Reddy | ||
| 245 | 0 | _aManagement Control Systems | |
| 260 |
_bAPH Pub _aNew Delhi _c2004 |
||
| 300 | _a206 | ||
| 650 | _aManagement | ||
| 942 | _cBK | ||
| 999 |
_c365 _d365 |
||